MDQL
is popping MORE tags! Check the
thread
!
Quizzes
Events
Quiz Creation
Community
Videos
Private Events
Remove Ads
Sign In
Join for FREE
Feedback
Dark Mode
Quiz Categories
Sports
Geography
Music
Movies
Television
Just For Fun
Miscellaneous
History
Literature
Language
Science
Gaming
Entertainment
Religion
Holiday
For Kids
Quiz Lab
Recent
Popular Today
Quiz Kudos Today
Editor Picks
Curator Picks
Quizzes by...
Day
Popularity
Type
Ratings
Length
Year
Community
Subscriptions
Recent Discussions
Orange Saloon
Badges
Playlists
Quests
Create
Leaderboards
Showdown
Live 5
Trivia Bingo
Activity
Puzzle Library
Sporcle Events
Private Events
Virtual Trivia
Globe League
Become a Host
Pub Owners
SporcleCon
Opinionation
Our Games
Videos
Blog
Mobile Apps
Partnerships
Remove Ads and Go Orange
Feedback
Literature
Harry Potter
A Song of Ice and Fire
The Hunger Games
Literary Character
Shakespeare
Book
Author
Novel
Poem
Young Adult
Children's Books
Play
Lord of the Rings
Literature
Harry Potter
A Song of Ice and Fire
The Hunger Games
Literary Character
Shakespeare
Book
Author
Novel
Poem
Young Adult
Children's Books
Play
Lord of the Rings
Random Quiz
Search Sporcle
×
Quiz Lab
Quiz Lab
Literature
Poem
Type in answers that appear in a list
Type in answers that appear in a list
Classic
Best Score? Go Orange.
Famous Poetic Lines Stats
Can you name the poets who wrote these lines?
By
bruceN
10m
24 Questions
226 Plays
226 Plays
226 Plays
Comments
Comments
Give Quiz Kudos
Give Quiz Kudos
-
- Ratings
hide this ad
Random Order
Randomize order of answers
Randomize order of answers
Replay
Link that replays current quiz
Next Quiz
Link to next quiz in quiz playlist
You Got
0%
They Got
Avg Score
51%
Avg Friend Score
Upgrade to see
Score Distribution
Jump to the score distribution portion of the page
Score
0/24
Timer
10:00
0
Plays Today
Line
Poet
% Correct
Rough winds do shake the darling buds of May
William Shakespeare
79.2%
And miles to go before I sleep
Robert Frost
77.9%
Twas brillig, and the slithy toves
Lewis Carroll
70.8%
How do I love thee? Let me count the ways
Elizabeth Barrett Browning
70.4%
Half a league, half a league,/
half a league onward
Alfred, Lord Tennyson
68.1%
Rage, rage, against the dying of the light
Dylan Thomas
67.3%
Daddy, Daddy, you bastard, I'm through
Sylvia Plath
66.4%
'...Look upon my works, ye Mighty, and despair!”
Percy Bysshe Shelley
65%
'Hope' is the thing with feathers
Emily Dickinson
64.2%
Things fall apart, the center cannot hold
W.B. Yeats
63.7%
What happens to a dream deferred?
Langston Hughes
60.6%
I saw the best minds of my generation destroyed by madness
Allen Ginsberg
53.5%
Line
Poet
% Correct
I should have been a pair of ragged claws
T.S. Eliot
52.7%
I sound my barbaric yawp over the roofs of the world
Walt Whitman
51.3%
so much depends/
upon/
a red wheel/
barrow
William Carlos Williams
47.3%
Stop all the clocks, cut off the telephone
W.H. Auden
44.7%
how do you like your blueeyed boy/
Mister Death
e.e. cummings
42.5%
The fog comes/
on little cat feet
Carl Sandburg
36.7%
They f**k you up, your mum and dad
Philip Larkin
34.5%
Petals on a wet, black bough
Ezra Pound
33.6%
And say simply/
Very simply /
With hope/
Good morning.
Maya Angelou
32.3%
We /
Jazz June. We/
Die soon.
Gwendolyn Brooks
23%
And the green freedom of a cockatoo
Wallace Stevens
15.9%
The moon on the breast of the new-
fallen snow
Clement C. Moore
14.6%
Quiz Playlist
Details
Report
Send in Message
Add To Playlist
Classic:
Type in answers that appear in a list
Random Order:
Randomize order of answers
Last Updated: Feb 16, 2017
Quiz Scoreboard
CHALLENGE
Sign Up to Join the Scoreboard
Show All
Scores
Hide
Comments
May contain spoilers
Recently Published
1-10 Letter E Words III
by El_Dandy
Language
2m
Street Fighter Characters
by Artimus82
Gaming
60s
College Basketball Coaching Resumes
by pancakes188
Sports
9m
More to Explore
Quiz From the Vault
Featured Blog Post
Where Did the Easter Bunny Come From?
hide this ad
You Might Also Like...
Tags
Famous Quiz
Nintendo Quiz
Poem Quiz
Today's Top Quizzes in Literature
Browse Literature
hide this ad
Today's Top Quizzes in Poem
Browse Poem
Top Contributed Quizzes in Literature
1
Sneaky Slytherin Logic Puzzle
2
Get The Picture: Black or White Literature
3
5-to-1: Plays
4
One Thing in Common: Literature
5
A Court of Thorns and Roses (ACoTaR) Logic Puzzle
6
One Thing in Common: Literature II
7
One Thing in Common: Books
8
One Thing in Common: Literature 3
9
'Middle' Earth
10
One Thing in Common: Books II
Explore More
Trending Topics
Harry Potter
Kpop
Crossword
Disney
Marvel
NBA
Anime
NFL
Puzzle
Country
WWE
The Office
Song
Pokémon
Soccer
hide this ad
More By:
bruceN
Quiz
Plays
Rating
Category
Featured
Created
Movie Name Swap
158,752
4.47
Movies
Oct 13, 2010
Movie Name Swap II
126,118
3.90
Movies
Dec 16, 2010
Three Actors, Same Role
110,411
4.54
Entertainment
Oct 6, 2010
The Best 'of' TV
97,590
4.40
Television
Jan 6, 2015
Musical Duos
56,853
4.23
Music
Apr 22, 2013
Go to Creator's Profile
Score Distribution
Quiz Creator Spotlight
bruceN
Follow
Send a Message
Quizzes Created
-
Created Quiz Play Count
-
More By This Creator
Popular Quizzes Today
1
Find the US States - No Outlines Minefield
2
Find the Countries of Europe - No Outlines Minefield
3
The Countries of the World
4
Find the US States
5
Risky Map Clicking: Biggest States A-Z
6
US States
7
Popular People in 1961
8
Movies - When Are They Set?
More Literature Quizzes
Novels Featuring Nurses
Published
Trending Quizzes
Risky Map Clicking: Least Populous States A-Z
1-10 Letter G Words
1-10 Letter F Words
Countries of the World: 200 Million BC
Risky Map Clicking: Next State Alphabetically
Recently Updated
Beyoncé Albums
pecheneg
Leaping Animals
pecheneg
Reality TV Shows (A-Z)
bhenderson79
Rickey Henderson's Hall of Fame Teammates
pecheneg
Champions League XIs: Arsenal
pecheneg
Quick Pick: Celebrities in WWE's Hall of Fame
aduchscher
A-Z Keypad Blitz II
pecheneg
Multiple Oscar Actors
pecheneg
Mystery Phrase Blitz: Oscar 'Best Actors'
pecheneg
F. Scott Fitzgerald Novels
LTH
Trending Topics
Crossword
NBA
Kpop
Harry Potter
Disney
Anime
Marvel
WWE
The Office
Pokémon
Soccer
Country
NFL
Song
Puzzle
Your Account Isn't Verified!
In order to create a playlist on Sporcle, you need to verify the email address you used during registration. Go to your
Sporcle Settings
to finish the process.
Report this User
Report this user for behavior that violates our
Community Guidelines
.
Details:
Send Report
Go to the Sporcle.com Mobile Site →
Comments